Публичный доклад о результатах работы БУ СПО ХМАО-Югры "Нижневартовский социально-гуманитарный колледж"... ... в 2012 году (Запись № 4606221)
[ простой вид ]
| 000 -МАРКЕР | |
|---|---|
| контрольное поле | 02269nam2a2200337 i 4500 |
| 001 - ИДЕНТИФИКАТОР ЗАПИСИ | |
| контрольное поле | RU\NLR\bibl\2056355 |
| 005 - ИДЕНТИФИКАТОР ВЕРСИИ | |
| контрольное поле | 20241225204325.0 |
| 010 ## - МЕЖДУНАРОДНЫЙ СТАНДАРТНЫЙ НОМЕР КНИГИ (ISBN) | |
| Номер (ISBN) | 9785905257131 |
| Тираж | 150 |
| 021 ## - НОМЕР ГОСУДАРСТВЕННОЙ РЕГИСТРАЦИИ | |
| Код страны | Российская Федерация |
| Номер | 2013-49565 |
| Номер Листа государственной регистраци | 3432 |
| 035 ## - ДРУГИЕ СИСТЕМНЫЕ НОМЕРА | |
| Идентификатор записи | (NLR Aleph) 002043245 |
| 100 ## - ДАННЫЕ ОБЩЕЙ ОБРАБОТКИ | |
| Данные общей обработки | 20130723d2013 k y0rusy50 ca |
| 101 0# - ЯЗЫК РЕСУРСА | |
| Язык текста, звукозаписи и т.д. | русский |
| 102 ## - СТРАНА ПУБЛИКАЦИИ ИЛИ ПРОИЗВОДСТВА | |
| Страна публикации | Российская Федерация |
| 105 ## - ПОЛЕ КОДИРОВАННЫХ ДАННЫХ: ТЕКСТОВЫЕ МАТЕРИАЛЫ, МОНОГРАФИЧЕСКИЕ | |
| Кодированные данные о монографическом текстовом документе | a|||z|||000yy |
| 200 0# - ЗАГЛАВИЕ И СВЕДЕНИЯ ОБ ОТВЕТСТВЕННОСТИ | |
| Основное заглавие | ... в 2012 году |
| Первые сведения об ответственности | [Коробова Н.П., к.п.н., засл. учитель РФ, отличник нар. просвещения, Гурьева С.Л., Панасенко М.В. и др. |
| Последующие сведения об ответственности | ред.: Коробова Н.П., к.п.н., засл. учитель РФ, отличник нар. просвещения] |
| 210 ## - ПУБЛИКАЦИЯ, РАСПРОСТРАНЕНИЕ И ДР. | |
| Дата издания, распространения и т.д. | 2013 |
| 215 ## - ФИЗИЧЕСКАЯ ХАРАКТЕРИСТИКА | |
| Специфическое обозначение материала и объем | 85 с. |
| Другие сведения о физической характеристике | ил., цв. ил. |
| 300 ## - ОБЩИЕ ПРИМЕЧАНИЯ | |
| Текст примечания | Общ. загл. тома: Публичный доклад о результатах работы БУ "Нижневартовский социально-гуманитарный колледж" |
| 300 ## - ОБЩИЕ ПРИМЕЧАНИЯ | |
| Текст примечания | Авт. указаны на обороте тит.л. |
| 461 #1 - УРОВЕНЬ НАБОРА | |
| Встроенное поле | 001RU\NLR\bibl\1881847 |
| -- | 2001#$aПубличный доклад о результатах работы БУ СПО ХМАО-Югры "Нижневартовский социально-гуманитарный колледж"...$v... в 2012 году |
| Идентификатор связанной записи | RU\NLR\bibl\1881847 |
| Системный номер (АБИС) связанной записи | 2669080 |
| Место публикации | Нижневартовск |
| Дата публикации | 2011 |
| Издание | [Офиц. изд.] |
| Первые сведения об ответственности | Коробова Н.П., Буркова Н.Г., Гурьева С.Л. [и др.] |
| Имя издателя, распространителя и т.д. | Нижневартовский социально-гуманитарный колледж |
| Заглавие | Публичный доклад о результатах работы БУ СПО ХМАО-Югры "Нижневартовский социально-гуманитарный колледж"... |
| Номер тома | ... в 2012 году |
| 517 0# - ДРУГИЕ ВАРИАНТЫ ЗАГЛАВИЯ | |
| Вариант заглавия | Публичный доклад о результатах работы БУ "Нижневартовский социально-гуманитарный колледж" |
| 701 #1 - ИМЯ ЛИЦА - АЛЬТЕРНАТИВНАЯ ОТВЕТСТВЕННОСТЬ | |
| Начальный элемент ввода | Коробова |
| Часть имени, кроме начального элемента ввода | Н. П. |
| 701 #1 - ИМЯ ЛИЦА - АЛЬТЕРНАТИВНАЯ ОТВЕТСТВЕННОСТЬ | |
| Начальный элемент ввода | Гурьева |
| Часть имени, кроме начального элемента ввода | С. Л. |
| 701 #1 - ИМЯ ЛИЦА - АЛЬТЕРНАТИВНАЯ ОТВЕТСТВЕННОСТЬ | |
| Начальный элемент ввода | Панасенко |
| Часть имени, кроме начального элемента ввода | М. В. |
| 801 #0 - ИСТОЧНИК ЗАПИСИ | |
| Страна | Российская Федерация |
| Организация | NLR |
| Дата составления | 20130723 |
| Правила каталогизации | RCR |
| 801 #1 - ИСТОЧНИК ЗАПИСИ | |
| Страна | Российская Федерация |
| Организация | NLR |
| Дата составления | 20130723 |
| 942 ## - ДОПОЛНИТЕЛЬНЫЕ ЭЛЕМЕНТЫ ЗАПИСИ (АБИС) | |
| Тип экземпляра АБИС | Книга |
| 980 ## - КОЛЛЕКЦИЯ | |
| Название коллекции | НБР |
Нет доступных экземпляров.